Normal view
MARC view
Entry Personal Name
001 - CONTROL NUMBER
- control field: 74081
003 - CONTROL NUMBER IDENTIFIER
- control field: dpl
005 - DATE AND TIME OF LATEST TRANSACTION
- control field: 20241126171057.0
008 - FIXED-LENGTH DATA ELEMENTS
- fixed length control field: 241126|| aca||aabn | a|a d
040 ## - CATALOGING SOURCE
- Original cataloging agency: dpl
- Transcribing agency: dpl
100 ## - HEADING--PERSONAL NAME
- Personal name: Verma, J K
670 ## - SOURCE DATA FOUND
- Source citation: Work cat.: (dpl)207028: Verma, J K , Legal Interpretation: , 2024
